[Event "GER-chT U18 Girls"]
[Site "Germany"]
[Date "2011.05.14"]
[Round "4.2"]
[White "Tworek, Kristina"]
[Black "Triantafillidis, Zoe"]
[Result "0-1"]
[WhiteElo "800"]
[BlackElo "1187"]
[PlyCount "102"]
[EventDate "2011.05.13"]
[EventType "team-swiss"]
[EventRounds "7"]
[EventCountry "GER"]
[SourceTitle "EXT 2012"]
[Source "ChessBase"]
[SourceDate "2011.11.24"]
[SourceVersion "1"]
[SourceVersionDate "2011.11.24"]
[SourceQuality "1"]
[WhiteTeam "Carolinum Gymn (W)"]
[BlackTeam "Heilbronn EHKG (W)"]
[WhiteTeamCountry "GER"]
[BlackTeamCountry "GER"]

1. e4 c6 2. Bc4 d5 3. exd5 cxd5 4. Bb3 Nf6 5. d4 Nc6 6. Nf3 Bg4 7. c3 e6 8. h3 Bh5 9. Bf4 Bd6 10. Bg5 Qc7 11. Qd3 Ne4 12. Nbd2 Bg6 13. Qe3 Nxg5 14. Nxg5 Bf4 15. Qe2 Bxg5 16. Nf3 Bf6 17. 0-0 0-0 18. Nh4 Bxh4 19. Qg4 Bf6 20. Ba4 Bf5 21. Qf3 h6 22. b4 a6 23. Bb3 Rac8 24. a4 Ne7 25. Rac1 Bg5 26. Rce1 Qxc3 27. Qxc3 Rxc3 28. Ba2 Bd3 29. f4 Bf6 30. Rf3 Bxd4+ 31. Kh2 Be4 32. Rff1 Rc2 33. Bb1 Rxg2+ 34. Kh1 Rg1+ 35. Kh2 Rxf1 36. Rxf1 Bxb1 37. Rxb1 Rc8 38. b5 Rc2+ 39. Kg3 Rb2 40. Rd1 Nf5+ 41. Kf3 Rf2+ 42. Kg4 Ne3+ 43. Kg3 Nxd1 44. bxa6 bxa6 45. a5 Bc5 46. h4 d4 47. h5 d3 48. f5 exf5 49. Kh3 d2 50. Kg3 Bd6+ 51. Kh3 Rh2# 0-1